000 00446nam a2200169Ia 4500
005 20250430011333.0
008 240331s9999 xx 000 0 und d
020 _a9789552099892
082 _bPOO
_a891
100 _aPoolan Devi
245 0 _aMankolla rajiniya Poolan devi 1
250 _a2nd
260 _aColombo
_bS. Godake 7 Brothers
_c2007
300 _a198 p ., ( C 1)
500 _aA Book of The Bandit Queen - Phoolan Devi
942 _cL
999 _c4882
_d4882